000 00461nam a2200181Ia 4500
001 15961
005 20260306170234.0
008 260306t2012||||xx |||||||||||||| ||und||
041 _aESP
082 _a620.86
_bH39
100 _aHenao Robledo, Fernando
_eAUT
245 0 _aDiagnóstico integral de las condiciones de trabajo y salud
260 _c2012
300 _a227 páginas :
_c24 cm.
650 _aGEN
654 _aCII
942 _cLIB
_dJUS
_fJUS
_2ddc
_n
999 _c15961
_d15961